[Event "SVK-Cup14 sf6 corr"]
[Site "Slovakia"]
[Date "2005.??.??"]
[Round "?"]
[White "Hudak, Dusan"]
[Black "Hanzluvka, Milan"]
[Result "1-0"]
[WhiteElo "2000"]
[BlackElo "1740"]
[PlyCount "138"]
[EventDate "2005.04.01"]
[EventType "tourn (corr)"]
[EventRounds "6"]
[EventCountry "SVK"]
[SourceTitle "Corr 2008"]
[Source "ChessBase"]
[SourceDate "2008.06.24"]
[SourceVersion "1"]
[SourceVersionDate "2008.06.24"]
[SourceQuality "1"]

1. e4 c5 2. Nf3 e6 3. d4 cxd4 4. Nxd4 Nf6 5. Nc3 Bb4 6. e5 Nd5 7. Bd2 Nxc3 8. bxc3 Ba5 9. Qg4 0-0 10. Bd3 d6 11. 0-0 dxe5 12. Bg5 Qd7 13. Bf6 g6 14. Qh3 Bd8 15. Bxe5 Qd5 16. Qg3 Nd7 17. Bd6 Re8 18. Nb5 Qc6 19. Rfe1 e5 20. Ba3 Be7 21. Bxe7 Rxe7 22. c4 Qc5 23. Nc3 Kh8 24. Nd5 Re6 25. Re3 f5 26. Qh4 Kg7 27. a4 b6 28. Qd8 Rb8 29. Rh3 Rb7 30. Qg5 Kh8 31. Bf1 Qf8 32. a5 bxa5 33. Rxa5 Nb8 34. Rb5 Nc6 35. Rxb7 Bxb7 36. Nc7 Re7 37. Nb5 Nd8 38. Rb3 Rd7 39. Nxa7 Ne6 40. Qe3 Qc5 41. Rb5 Qxe3 42. fxe3 e4 43. Re5 Nd8 44. Nb5 Kg7 45. Nd4 Kf7 46. Kf2 h5 47. Kg3 Bc6 48. Ra5 Rc7 49. c5 Kf6 50. Bc4 Ke5 51. h4 Rc8 52. Bb3 Rc7 53. Ra6 Rc8 54. Rb6 Be8 55. Rd6 Rb8 56. Kf2 Rc8 57. Bc4 Ra8 58. Ba6 Ba4 59. Rxg6 Ra7 60. Rg5 Rf7 61. Bc4 Rf6 62. Rg7 Rh6 63. c3 Rh8 64. Re7+ Kf6 65. Ra7 Be8 66. Ra8 Bd7 67. Ra6+ Ke5 68. c6 Nxc6 69. Nxc6+ Kd6 1-0

[Event "SVK-Cup14 sf6 corr"]
[Site "Slovakia"]
[Date "2005.??.??"]
[Round "?"]
[White "Kvassay, Peter"]
[Black "Hanzluvka, Milan"]
[Result "0-1"]
[WhiteElo "1700"]
[BlackElo "1740"]
[PlyCount "32"]
[EventDate "2005.04.01"]
[EventType "tourn (corr)"]
[EventRounds "6"]
[EventCountry "SVK"]
[SourceTitle "Corr 2008"]
[Source "ChessBase"]
[SourceDate "2008.06.24"]
[SourceVersion "1"]
[SourceVersionDate "2008.06.24"]
[SourceQuality "1"]

1. e4 c5 2. Nf3 e6 3. d4 cxd4 4. Nxd4 Nf6 5. Nc3 Bb4 6. e5 Nd5 7. Bd2 Nxc3 8. bxc3 Ba5 9. Qg4 0-0 10. Bd3 d6 11. Nf3 f5 12. exf6 Rxf6 13. Ng5 Rh6 14. Nf3 Rf6 15. Qe4 g6 16. 0-0 d5 0-1